[Event "Wch U10 Girls"]
[Site "Batumi"]
[Date "2022.09.17"]
[Round "2"]
[White "Omirserik, Alima"]
[Black "Mirzakhani, Bahar"]
[Result "0-1"]
[WhiteElo "1224"]
[BlackElo "1461"]
[PlyCount "106"]
[EventDate "2022.09.16"]
[EventType "swiss"]
[EventRounds "11"]
[EventCountry "GEO"]
[SourceTitle "EXT 2023"]
[Source "ChessBase"]
[SourceDate "2022.10.05"]
[SourceVersion "1"]
[SourceVersionDate "2022.10.05"]
[SourceQuality "1"]

1. e4 c5 2. Nf3 Nc6 3. d4 cxd4 4. Nxd4 g6 5. Nc3 Bg7 6. Be3 Nf6 7. Bc4 Qa5 8. f3 Qb4 9. Bb3 0-0 10. Qd2 Nxd4 11. Qxd4 Qa5 12. Qd2 d6 13. 0-0-0 Be6 14. Nd5 Qxd2+ 15. Rxd2 Nxd5 16. Bxd5 Bxd5 17. Rxd5 b6 18. Kb1 Rac8 19. h4 h5 20. Rhd1 Bf6 21. Bg5 Bxg5 22. Rxg5 Kg7 23. Rgd5 Rc5 24. Rxc5 bxc5 25. e5 Rd8 26. c4 f6 27. exd6 exd6 28. Re1 Kf7 29. Kc2 g5 30. hxg5 fxg5 31. Kd3 Kf6 32. Re2 Kf5 33. Re7 a5 34. g3 Rh8 35. Ke3 a4 36. Ra7 h4 37. Kf2 Rb8 38. gxh4 gxh4 39. Rxa4 Rxb2+ 40. Kg1 Kf4 41. Ra6 Kg3 42. Kf1 Kxf3 43. Ke1 h3 44. Rxd6 h2 45. Rf6+ Kg2 46. Rg6+ Kh1 47. a4 Rg2 48. Rf6 Rc2 49. a5 Kg1 50. Rg6+ Rg2 51. Rh6 h1Q 52. Rxh1+ Kxh1 53. a6 Ra2 0-1